000
00301nam a22001337a 4500
999
_c
529043
_d
529043
003
NUST
038
_a
MSOHAIL
082
_a
620.1366
100
_a
Jan. G.M.Vanmier
_9
20913
245
_a
Fracture process of concrete
260
_a
London
_b
CRC Press
_c
1996
300
_a
448,p;
_c
27cm
942
_2
ddc
_c
BK